| 000 | 00758nam a22002417a 4500 | ||
|---|---|---|---|
| 003 | OSt | ||
| 005 | 20140310182123.0 | ||
| 008 | 130828t xxu||||| |||| 00| 0 eng d | ||
| 020 | _a0393008134 | ||
| 050 |
_aF 215.A55 _b.D9 1976 |
||
| 082 |
_aHS 975.04 _b D648 1976 |
||
| 100 |
_aDykeman, Wilma _914184 |
||
| 245 |
_aSeeds of Southern change / _cWilma Dykeman |
||
| 260 |
_aNew York : _bW.W. Norton and Company, _c1976. |
||
| 300 | 3 |
_a343 p. : _bill. , _c19 cm. |
|
| 650 |
_aAlexander,Will Winton _914185 |
||
| 650 |
_a Commision on Interracial Cooperation _914186 |
||
| 650 |
_a Southern States--Rase question _914187 |
||
| 650 |
_a.Afro-Americans--Southern States _914188 |
||
| 650 |
_atokely,James _914189 |
||
| 942 |
_2lcc _cHS |
||
| 999 |
_c9576 _d9576 |
||